| 000 | 00843cab a22001815a 4500 | ||
|---|---|---|---|
| 001 | L153717 | ||
| 008 | 110822e2011 xxk 000 0 eng d | ||
| 035 | _a(Sirsi) u153717 | ||
| 041 | 0 | _aeng | |
| 100 | 1 | _aCox, Alexander | |
| 245 | 0 | 0 |
_aFriendly Emissions _bGreen tax regime |
| 260 | _c2011 | ||
| 520 | _aIncentives available to encourage investment in greener technologies and products. These include enhanced capital allowances, set tariffs, reduced VAT and stamp duty land tax exemptions. Also mentions the reasons for environmental taxes and their role in levelling the playing field between traditional, high carbon technologies and newer greener ones which are often more expensive. | ||
| 590 | _aKA | ||
| 651 | 4 | _aUnited Kingdom | |
| 690 | _aENVIRONMENTAL AND LAND CONSULTANCY-SUSTAINABILITY-SUSTAINABLE DEVELOPMENT | ||
| 942 | _n0 | ||
| 999 |
_c83356 _d83356 |
||